000 01144nam a2200289Ia 4500
001 ebr10451054
003 CaPaEBR
006 m u
007 cr cn|||||||||
008 061101s2010 enk sb 001 0 eng d
020 _z9781907343162
020 _z9781907343179 (ebook)
040 _aCaPaEBR
_cCaPaEBR
035 _a(OCoLC)713667548
050 1 4 _aTA648
_b.B36 2010eb
100 1 _aBaofu, Peter.
245 1 4 _aThe future of post-human geology
_h[electronic resource] :
_ba preface to a new theory of statics and dynamics /
_cPeter Baofu.
260 _aCambridge, UK :
_bCambridge International Science Pub.,
_c2010.
300 _axxi, 456 p.
504 _aIncludes bibliographical references and index.
533 _aElectronic reproduction.
_bPalo Alto, Calif. :
_cebrary,
_d2011.
_nAvailable via World Wide Web.
_nAccess may be limited to ebrary affiliated libraries.
650 0 _aStatics.
650 0 _aDynamics.
655 7 _aElectronic books.
_2local
710 2 _aebrary, Inc.
856 4 0 _uhttp://site.ebrary.com/lib/rucke/Doc?id=10451054
_zAn electronic book accessible through the World Wide Web; click to view
999 _c249056
_d249056